| Поле | Инд. | ПП | Название | Значение |
|---|---|---|---|---|
| Тип записи | a | |||
| Библиографический уровень | m | |||
| 001 | Контрольный номер | 27b60e2151334d10836178cdac723a9e | ||
| 005 | Дата корректировки | 20170330115057.6 | ||
| 008 | Кодируемые данные | 141112|||||||||ru |||||||||||||||||rus|| | ||
| 020 | a | ISBN | 978-5-222-21120-5 | |
| 041 | 0_ | a | Код языка текста | rus |
| 084 | a | Индекс другой классификации/Индекс ББК | 67.401.143.1я7 | |
| 090 | a | Полочн. индекс | 67.401 | |
| x | Авторский знак | Т 41 | ||
| 100 | 1_ | a | Автор | Тимошенко И. В. |
| 245 | 10 | a | Заглавие | Таможенное право для бакалавров |
| b | Продолж. заглавия | учеб. для вузов по направлению подгот. бакалавров | ||
| 260 | a | Место издания | Ростов-на-Дону | |
| b | Издательство | Феникс | ||
| c | Дата издания | 2013 | ||
| 300 | a | Объем | 316 с. | |
| 440 | _0 | a | Серия | Высшее образование |
| 504 | a | Библиография | Библиогр.: с. 307-310 | |
| 583 | x | Служебное примечание | Юрид. специальности. ВПО | |
| 650 | 04 | a | Основная рубрика | Таможенное право Российской Федерации-Учебные издания для высших учебных заведений-Бакалавриат |
| 653 | 0_ | a | Ключевые слова | Бакалавриат; Таможенная политика; Таможенное право;Таможенное регулирование; Таможенные органы; Таможенные правила; Таможенный контроль; Таможенный режим |
| 901 | t | Тип документа | m | |
| 952 | b | Гриф литературы для ВШ | Допущено Учеб.-метод. об-нием по юрид. образованию вузов РФ | |
| c | Вид литературы | учебник |